000
00303nam a22001337a 4500
008
170329b xxu||||| |||| 00| 0 eng d
020
_a
9780736075725
041
_a
eng
080
_a
796.3
100
_a
8
101
_a
SHM
245
_a
SOCIOLOGY OF SPORT AND SOCIAL THEORY
_c
SMITH, E
942
_2
udc
_c
BK
999
_c
8918
_d
8918